[Event "Figueira da Foz op 17th"]
[Site "Figueira da Foz"]
[Date "2023.11.07"]
[Round "3"]
[White "Bernadskiy, Vitaliy"]
[Black "Olsen, Filip Boe"]
[Result "1-0"]
[WhiteElo "2546"]
[BlackElo "2416"]
[PlyCount "69"]
[EventDate "2023.11.05"]
[EventType "swiss"]
[EventRounds "9"]
[EventCountry "POR"]
[SourceTitle "CB46_2023"]
[SourceDate "2023.11.15"]
[SourceVersion "1"]
[SourceVersionDate "2023.11.15"]
[SourceQuality "1"]

1. e4 c5 2. Nc3 d6 3. d4 cxd4 4. Qxd4 Nc6 5. Qe3 g6 6. Bc4 Bg7 7. Nf3 Nf6 8. h3 0-0 9. 0-0 Nd7 10. Rd1 a6 11. a4 Nb4 12. Qe2 b6 13. Bg5 h6 14. Rxd6 hxg5 15. Rxg6 e6 16. Rxg5 Nc6 17. Rd1 Qf6 18. Qe3 Nde5 19. Nxe5 Nxe5 20. Be2 Ng6 21. Rg4 Rd8 22. Rxd8+ Qxd8 23. e5 Qc7 24. f4 Qc5 25. Qxc5 bxc5 26. Ne4 Bh6 27. g3 Kh8 28. Nd6 Bf8 29. Nxf7+ Kg7 30. Ng5 Be7 31. Bd3 Bd7 32. Nxe6+ Bxe6 33. Rxg6+ Kf7 34. f5 Bd5 35. c4 1-0